Operations and Supply Chain Management / (Record no. 26620)

000 -LEADER
fixed length control field 00607 a2200181 4500
008 - FIXED-LENGTH DATA ELEMENTS--GENERAL INFORMATION
fixed length control field 230622b ||||| |||| 00| 0 eng d
020 ## - INTERNATIONAL STANDARD BOOK NUMBER
International Standard Book Number 9789353161170
Terms of availability Rs899.00
082 00 - DEWEY DECIMAL CLASSIFICATION NUMBER
Classification number 658.5
Item number C4871
100 ## - MAIN ENTRY--PERSONAL NAME
Personal name Chase, Richard B.
245 ## - TITLE STATEMENT
Title Operations and Supply Chain Management /
250 ## - EDITION STATEMENT
Edition statement 15th ed.
260 ## - PUBLICATION, DISTRIBUTION, ETC. (IMPRINT)
Place of publication, distribution, etc Chennai:
Name of publisher, distributor, etc McGraw Hill Education (india) pvt. ltd.,
Date of publication, distribution, etc 2022.
300 ## - PHYSICAL DESCRIPTION
Extent xxviii, 793 p. :
Other physical details ill.;
Dimensions 28 cm
650 #0 - SUBJECT ADDED ENTRY--TOPICAL TERM
Topical term or geographic name as entry element Production management
700 ## - ADDED ENTRY--PERSONAL NAME
9 (RLIN) 5511
Personal name Shankar, Ravi
9 (RLIN) 5521
Personal name Jacobs, F. Robert
942 ## - ADDED ENTRY ELEMENTS (KOHA)
Source of classification or shelving scheme
Item type Books
Holdings
Withdrawn status Lost status Source of classification or shelving scheme Damaged status Not for loan Permanent location Current location Shelving location Date acquired Source of acquisition Cost, normal purchase price Full call number Barcode Date last seen Cost, replacement price Koha item type Total Checkouts Date last borrowed
          IMU Kolkata IMU Kolkata Reference 2023-06-22 4 660.22 658.5 C4871 14049 2023-06-22 899.00 Books    
          IMU Kolkata IMU Kolkata   2023-06-22 4 660.22 658.5 C4871 14050 2025-12-19 899.00 Books 2 2025-08-20
          IMU Kolkata IMU Kolkata   2023-06-22 4 660.22 658.5 C4871 14051 2026-02-20 899.00 Books 2 2026-02-19
Designed and Maintained by IMU-KC Library, Kolkata Campus © Copyright All Rights Reserved

webs counters

Powered by Koha